Chelsea FC 2025/26 Squad - Statistics

General Stats
  • This quiz has been taken 46 times
  • The average score is 22 of 30
Answer Stats
Hint Answer % Correct
GK 🇪🇸 Robert Sánchez
100%
CM 🇦🇷 Enzo Fernández
97%
FW 🇧🇷 João Pedro
97%
RB 🏴󠁧󠁢󠁥󠁮󠁧󠁿 Reece James
95%
AM 🏴󠁧󠁢󠁥󠁮󠁧󠁿 Cole Palmer
92%
DM 🇪🇨 Moisés Caicedo
92%
RW 🇵🇹 Pedro Neto
92%
RB 🇫🇷 Malo Gusto
87%
LB 🇪🇸 Marc Cucurella
87%
LW 🇦🇷 Alejandro Garnacho
85%
RW 🇧🇷 Estêvão
82%
FW 🏴󠁧󠁢󠁥󠁮󠁧󠁿 Liam Delap
82%
CB 🇫🇷 Wesley Fofana
82%
CM 🇧🇷 Andrey Santos
79%
CB 🇫🇷 Benoît Badiashile
79%
CB 🏴󠁧󠁢󠁥󠁮󠁧󠁿 Levi Colwill
79%
FW 🇪🇸 Marc Guiu
79%
GK 🇩🇰 Filip Jørgensen
74%
DM 🇧🇪 Roméo Lavia
74%
LB 🇳🇱 Jorrel Hato
69%
LW 🇺🇦 Mykhaylo Mudryk
64%
LW 🏴󠁧󠁢󠁥󠁮󠁧󠁿 Jamie Gittens
62%
CB 🇸🇳 Mamadou Sarr
62%
CB 🏴󠁧󠁢󠁥󠁮󠁧󠁿 Tosin Adarabioyo
62%
CB 🏴󠁧󠁢󠁥󠁮󠁧󠁿 Trevoh Chalobah
59%
RB 🏴󠁧󠁢󠁥󠁮󠁧󠁿 Josh Acheampong
54%
GK 🇺🇸 Gabriel Slonina
49%
DM 🇵🇹 Dário Essugo
46%
LB 🇺🇸 Caleb Wiley
26%
GK 🏴󠁧󠁢󠁥󠁮󠁧󠁿 Teddy Sharman-Lowe
26%
No matching quizzes found
Score Distribution
Percent of People with Each Score
Percentile by Number Answered
Your Score History
You have not taken this quiz